| 000 | 00671nam a2200181 a 4500 | ||
|---|---|---|---|
| 001 | 5433 | ||
| 003 | CDMR | ||
| 005 | 20131111141346.0 | ||
| 008 | 130130s1992||||||||||||||||||||||||||||d | ||
| 040 |
_aCDMR _bcat _cCDMR |
||
| 245 | 0 |
_aPluralisme et concentration des medias dans le marche interieur _b: evaluation de la nécessité d'une action communautaire : livre vert de la Comission _cComissió des Communautes Europeennes |
|
| 260 |
_aBruxelles _c1992 _bCommunautés Européennes |
||
| 300 |
_a128 p ; _c30 cm |
||
| 650 | 0 | 4 |
_91607 _aMitjans de comunicació de massa _zEuropa |
| 650 | 0 | 4 |
_94123 _aConcentració industrial |
| 650 | 0 | 4 |
_94257 _aDret comunitari |
| 942 |
_cMON _2udc |
||
| 999 |
_c5433 _d5433 |
||